| 000 | 00343 a2200157 4500 | ||
|---|---|---|---|
| 001 | 80531 | ||
| 082 | _a658.62 FEI | ||
| 090 |
_c39658 _d39658 |
||
| 100 | _aFeigenbaum | ||
| 245 | _aTotal Quality Control | ||
| 250 | _a1 | ||
| 260 |
_aLondon _bMcGraw Hill _c1961 |
||
| 300 | _axi 627 | ||
| 500 | _aGeneral Books | ||
| 505 | _aGifted Books | ||
| 942 |
_acaenust _k658.62 FEI |
||
| 999 |
_c315604 _d315604 |
||